| 000 | 00622nam a2200169Ia 4500 | ||
|---|---|---|---|
| 008 | 151213s9999 xx 000 0 und d | ||
| 020 | _a984-072752-2 | ||
| 100 | _aআসাদ চেীধুরী। | ||
| 245 |
_aবাংলাদেশের মুক্তি যুদ্ধ _cআসাদ চেীধুরী। |
||
| 250 | _a১ম সং | ||
| 260 |
_aঢাকা _bবাংলা একাডেমী। _c1983 |
||
| 300 | _a4455 p. | ||
| 650 | _aBangla | ||
| 650 | _aবাংলাদেশের মুক্তি যুদ্ধ | ||
| 700 | _aআসাদ চেীধুরী। | ||
| 999 |
_c2830 _d2830 |
||